Reales sitios : revista del Patrimonio Nacional revista del Patrimonio Nacional
Descripción Física:
212 p. : il., negre i col. ; 32 cm
Otros Autores:
Patrimonio Nacional (Espanya)
Materias:
Museus -- Barcelona
MARC
| LEADER | 00000nam a2200000Ia 4500 | ||
|---|---|---|---|
| 001 | 1757 | ||
| 008 | 160829s1971 xx 000 0 cat d | ||
| 080 | |a FOL-1-131 | ||
| 245 | |a Reales sitios : |b revista del Patrimonio Nacional | ||
| 260 | |a Madrid : |b Patrimonio Nacional, |c 1971 | ||
| 300 | |a 212 p. : |b il., negre i col. ; |c 32 cm | ||
| 590 | |a Número extraordinari dedicat als Museus de Barcelona. | ||
| 650 | |a Museus |x Barcelona |9 25816 | ||
| 700 | |a Patrimonio Nacional (Espanya) |9 25817 | ||
| 901 | |a Arxiu | ||
| 942 | |n 1 | ||
| 952 | |0 0 |1 0 |4 0 |6 FOL1131 |7 1 |9 43804 |a Arxiu |b Arxiu |d 2016-12-01 |l 0 |o FOL-1-131 |p 1757 |r 2016-12-01 00:00:00 |w 2016-12-01 |y ARXIU | ||
| 999 | |c 46352 |d 46352 | ||